[Event "U1950 Turnier"]
[Site "?"]
[Date "2010.12.01"]
[Round "6"]
[White "Super Mondial B, Mephisto"]
[Black "Explorer, Mephisto"]
[Result "1/2-1/2"]
[WhiteElo "1876"]
[BlackElo "1900"]
[Annotator "Stefan Timmermans"]
[PlyCount "126"]

1. c4 c5 2. Nf3 Nf6 3. g3 g6 4. Bg2 {SuMo out of
book} Bg7 {Explorer out of book} 5. d4 cxd4 6. Nxd4 Nc6 7. Nxc6 bxc6 8. O-O {
Quite boring game ahead... but its their chocie} Ba6 9. Qc2 O-O 10. Bg5 Qa5 11.
Qd2 Qf5 12. Na3 Rfb8 13. Bf4 e5 14. Be3 d5 15. cxd5 cxd5 16. Rac1 Qh5 17. Bf3
Ng4 18. Bxg4 Qxg4 19. f3 Qe6 $17 {Black has the pair of bishops and a good
centre} 20. Bc5 Rb7 21. b3 Rd8 22. Rfd1 Rc7 23. Be3 Rxc1 24. Rxc1 Rd7 25. Bc5
Rc7 26. b4 f5 27. b5 $15 Bc8 28. Rc2 Qd7 29. b6 $2 $17 {The black bishop on c8
was made passive, and with a move like b6 will regain his squares... not
really smart move} axb6 30. Bxb6 Rxc2 31. Qxc2 Bb7 32. Qb3 Qe6 33. Nc2 Ba6 34.
Bc5 Kf7 (34... Bxe2 35. Qb8+ Kf7 36. Qc7+ Kg8 (36... Ke8 $4 37. Qxg7) 37. Qb8+
{Draw by repetition of moves}) 35. e3 Qc6 36. Qb4 Qb5 37. Qxb5 Bxb5 $15 38. Kg2
h6 39. Kf2 Ke6 40. h4 d4 41. exd4 Ba4 42. Nb4 exd4 43. Nd3 Bb5 44. Nf4+ Kf7 45.
h5 {White is increasing the number of blacks pawn chains (isolanis)} gxh5 46.
Bd6 Bf6 47. Nxh5 d3 48. Bb4 Bg5 49. Nf4 $11 {The game is slowing down and a
clear winning plan is out of sight} Bxf4 50. gxf4 {Now this looks really
drawish to me ....and my chess engine confirms this after 30 ply deep !
However there is always the chance that one oldie blunders when the
consequences of its move is out of its own horizon. With simple 8 to 10 ply
calculations you might play an very unfortunate endgame error.} h5 51. Kg3 Kf6
52. Kh2 Kg7 53. Kg3 Kf7 54. Kh3 Kg6 55. Kh4 Kh6 56. Bf8+ Kh7 57. Bb4 Kg6 58.
Kh3 Bc6 59. Kg3 Ba4 60. Kh4 Be8 61. Kh3 Bd7 62. Kh4 Ba4 63. Kg3 Bc6 1/2-1/2

[Event "U1950 Turnier"]
[Site "?"]
[Date "2010.12.03"]
[Round "7"]
[White "Timmermans, Stefan"]
[Black "Turbo Advanced Trainer, Saitek"]
[Result "0-1"]
[WhiteElo "1899"]
[BlackElo "1897"]
[Annotator "Stefan Timmermans"]
[PlyCount "64"]

1. d4 d5 2. c4 c6 3. Nf3 Nf6 4. Nc3 dxc4 5. a4 Bf5
6. e3 e6 7. Bxc4 Bb4 8. O-O O-O 9. Qb3 $6 (9. Qe2 $1 Nbd7 10. e4 Bg6 $14) (9.
Nh4 Bg4 10. f3 Bh5 11. g4 Bg6 12. Nxg6 hxg6 13. e4 $14) 9... Qb6 10. Ne5 Rd8 (
10... Nbd7 11. Nxd7 Nxd7 12. e4) 11. Rd1 (11. a5 $1 Bxa5 12. Rxa5 Qxa5 13. Qxb7
Nbd7 14. Nxc6 $16) 11... Nbd7 12. Nd3 Bd6 13. a5 Qxb3 14. Bxb3 a6 (14... e5 15.
a6 b5 $15) 15. f3 e5 16. d5 $4 (16. Nxe5 Nxe5 17. e4 Bd7 18. dxe5 Bxe5 $14)
16... Bxd3 (16... cxd5 17. Nxd5 Nc5 18. Nxc5 Bxc5 19. Kf1 $11) 17. Rxd3 Nc5 18.
Bc4 Nxd3 19. Bxd3 cxd5 $19 20. Ra4 Rac8 21. Bd2 h6 22. Bf5 Rc7 23. Kf1 Kf8 24.
g3 Ke7 25. Ke2 Rc5 26. Nd1 d4 27. exd4 exd4 28. Bd3 (28. Rxd4 $4 Rxf5) 28...
Rh5 29. Rxd4 Rxh2+ 30. Ke3 (30. Kf1 $4 Rxd2) (30. Nf2 Bxg3 31. Bb4+ Ke8 32.
Rxd8+ Kxd8 33. Bc5 $19) 30... Bc5 31. Bb4 Bxb4 32. Rxb4 Nd5+ 0-1

[Event "U1950 Turnier"]
[Site "?"]
[Date "2010.12.08"]
[Round "8"]
[White "Europa, Mephisto"]
[Black "Constellation 2 MHz, Novag"]
[Result "1-0"]
[WhiteElo "1685"]
[BlackElo "1677"]
[Annotator "Stefan Timmermans"]
[PlyCount "107"]

1. c4 e5 2. Nf3 Nc6 3. Nc3 Nf6 4. e3 Bb4 5. Qc2
O-O 6. d3 (6. Nd5 Re8 7. Qf5 d6 8. Nxf6+ Qxf6 9. Qxf6 gxf6 10. a3 Bc5 11. b4
Bb6 12. Bb2 $15) 6... d5 $5 {Conny played this move but it was clear that it
was based on his strong feeling of centreplay} 7. cxd5 Qxd5 {Better was Nxd5}
8. Bd2 Qc5 9. a3 Bxc3 10. Bxc3 Re8 11. Be2 Bf5 12. Rc1 e4 $5 $11 {It is clear
that black has free play and white must content with its strong harvest} 13.
dxe4 Nxe4 14. Nh4 Nxf2 {I can't say its excellent (!) nor say its bad (?) but
its a typical move you'll see with the Dave Kittinger machines... also very
SuperConny alike... lets face it it opens the game, and in particular facing
humans this is not a bad idea at all !} 15. Nxf5 (15. Kxf2 $4 Qxe3+ 16. Ke1
Bxc2 17. Rxc2) (15. Qxf5 {Probably the best and refutation of the sacrifice}
Qxf5 (15... Qxe3 16. O-O (16. Qxf2 $4 Qxc1#) 16... Ne4+ 17. Kh1 Nd6 $16) 16.
Nxf5 Nxh1 17. Bf3 $14) 15... Nxh1 {Now the only remaining question is , wil
the Horse on h1 be able to evacuate in time ?} 16. Bxg7 Qxc2 17. Rxc2 Ne7 18.
Nxe7+ Rxe7 19. Bd4 b6 {The idea is that whenever the King goes down the first
line, c5 comes, e3 falls and pressure will be put on the e-file} 20. Rc6 (20.
b4 Rae8 $16) 20... Kf8 (20... Re6 21. Rxc7 Rh6 22. Be5 Re8 23. Bf4 $18 {and
black didn't succeed in freeing up the N on h1}) 21. Rh6 Kg8 22. Rc6 Kf8 23.
Rh6 f5 $2 {The conny being in kind of bad position refuses to play 3 fold
repetition of moves. Stuborn as he is ! Lets see how he handles all this
lateron.} (23... c5 $4 24. Bf6 Re6 25. Rxh7 Rxf6 26. Rh8+ Kg7 27. Rxa8 $16) 24.
Rh5 f4 25. Rf5+ Rf7 26. Rxf7+ Kxf7 27. Bc4+ Kg6 28. exf4 c5 29. Be5 Rd8 $18 {
Black faces Be2, g3 & Bf3 what is going to stop the Europa from doing ?} 30. g3
h5 31. Be2 c4 (31... h4 {Too late for help....} 32. gxh4 (32. Bf3 $2 Nxg3 33.
hxg3 hxg3 $11) 32... Kf5 33. Bf3 Rg8 34. Kf1 $18) 32. Bf3 Nxg3 33. hxg3 Rd7 34.
Bc6 {With the idea Bb5and approaching with the King} Rd8 35. Bb5 Rc8 36. Ba6
Rc6 37. Kf2 (37. Kd2 Kf5 38. Kc3 Rc5 39. Kd4 {Loosing the c-pawn}) 37... Kh7
38. Kf3 Kg6 39. g4 $5 {At first I thought the Europa was centralising his king,
but no, he played the king to move g4 all along. However the idea is not so
bad as it seems. As the g pawn was subject to an rook attack and/or black King
approachso get rid of it and push the free f-pawn thereafter to spread the
battlefield a bit.} hxg4+ 40. Kxg4 Kf7 41. Kf5 Rc5 42. Ke4 c3 {The hope for
this pawn is lost.} 43. Bxc3 Rh5 44. f5 Rh4+ 45. Ke5 Ke7 46. f6+ Kf8 47. Ke6
Rf4 48. Be5 Re4 49. Bc4 a5 50. f7 Re3 51. b3 {The Europa surely doesn't know
whats going on here.... he has no plan in his near futur to promote the pawn
to whatever expense. He might need to drop his score to win much easier.. will
he go for the underneath listed variation ?} (51. Kd6 Rf3 52. Kd7 b5 53. Bd6+
Kg7 54. f8=Q+ Rxf8 55. Bxf8+ Kxf8 56. Bxb5 {1-0}) 51... b5 $2 (51... Re1 $4 52.
Kf6 {and now Rf1+ can't be played)}) 52. Bxb5 Re1 53. Bc4 Re3 54. b4 1-0

[Event "U1950 Turnier"]
[Site "?"]
[Date "2010.12.08"]
[Round "8"]
[White "Explorer, Mephisto"]
[Black "Timmermans, Stefan"]
[Result "0-1"]
[WhiteElo "1900"]
[BlackElo "1899"]
[Annotator "Stefan Timmermans"]
[PlyCount "75"]

1. e4 c5 2. Nf3 e6 3. d4 cxd4 4. Nxd4 Nc6 5. Nc3 Qc7 {The Taimanov, my type of
Sicilian Play} 6. Ndb5 {The Explorer already runs out of opening book options.
This variation is not in particular good and allows black to equalize rapidly.}
Qb8 (6... Qb6 $4 7. Bf4) (6... Qe5 7. f4 $16) 7. Bc4 {This move also will
sooner or later come at a loss of tempo.} a6 8. Nd4 b5 9. Bb3 {Aimed against
blacks potential d5} Nf6 {Threatens b4 & Nxe4} 10. Nxc6 dxc6 11. Bg5 Be7 12.
Qe2 {Compared to Qf3, this move prepares for the e5 advance.} (12. Qf3 a5 13.
a3 b4 14. axb4 axb4 15. Rxa8 Qxa8 16. Na4 $15) 12... O-O $6 {The move is
dubious, I overlooked the Bishop recapture in my calculations... but I managed
well with the bishop pair afterwards. So yes it might have been bad , but no
its not a real error neither.} (12... c5 13. a3 c4 14. Ba2 Bb7 $11) 13. e5 Nd5
14. Bxd5 $1 (14. Nxd5 Bxg5 15. h4 Bd8 $19) (14. Bxe7 Nxe7 15. O-O $11) 14...
Bxg5 15. Bxc6 Ra7 $14 {Bf4 is a constant threat to regain the pawn} 16. O-O {
This move allows Re1 ! but also is quite handy for playing f4 !} Rc7 17. Be4 (
17. Ne4 Bf4 18. Nf6+ gxf6 19. Qg4+ Bg5 20. exf6 h6 21. h4 $17) 17... b4 $1 (
17... Rc5 18. f4 $16) (17... Bf4 18. Bxh7+ (18. g3 Bxe5 19. Bxh7+ Kxh7 20. Qxe5
$14) 18... Kxh7 19. Qe4+ Kg8 20. Qxf4 Rc4 $18) 18. Nd1 Rd8 19. f4 Be7 (19...
Bh6 20. Ne3 (20. Qh5 Bb7 $1) 20... Rcd7 $16) 20. Ne3 (20. Qh5 h6 21. g4 $6 Bb7
$15) 20... Qb6 (20... Bb7 21. Bxb7 Qxb7 22. Rad1 (22. f5 Qe4 $15) 22... Rcd7
23. Rxd7 Rxd7 $11) 21. Rad1 (21. Rad1) (21. f5 exf5 (21... Qd4 $1 $19 22. Bd3 (
22. f6 $2 Bc5 $19) 22... Bc5 23. Rae1 $17) 22. Bxf5 Bc5 23. Rae1 Bxf5 24. Rxf5
Bxe3+ 25. Qxe3 Qxe3+ 26. Rxe3 Rxc2 $17) 21... Rcd7 22. Rxd7 Bxd7 23. Rd1 Bc5
24. Rd3 $4 {I couldn't believe my eyes, I even replaced the batteries and took
the moves back, the Explorer kept on playing this move.} (24. Kf2 Bb5 25. Bd3
$11) 24... Bb5 $19 25. Kf2 (25. Qg4) (25. Rxd8+ $2 Qxd8 26. Bd3 Bxd3 27. cxd3
Qd4 28. Kf2 Qxf4+ 29. Qf3 Bxe3+ 30. Ke2 $19) 25... Bxd3 26. cxd3 (26. Bxd3 Bd4
27. c3 bxc3 28. bxc3 Bxc3 $19) 26... Rc8 27. Kf3 Bxe3 28. Qxe3 Qxe3+ 29. Kxe3
Rc2 30. a3 Rxb2 31. axb4 Rxb4 32. f5 a5 33. fxe6 fxe6 34. d4 a4 35. d5 Rxe4+
36. Kxe4 a3 37. d6 Kf7 38. Kd3 0-1

[Event "U1950 Turnier"]
[Site "?"]
[Date "2010.12.13"]
[Round "8"]
[White "Super Mondial B, Mephisto"]
[Black "Turbo Advanced Trainer, Saitek"]
[Result "1/2-1/2"]
[WhiteElo "1876"]
[BlackElo "1897"]
[Annotator "Stefan Timmermans"]
[PlyCount "162"]

1. c4 e6 2. d4 Nf6 3. Nc3 d5 4. Bg5 Be7 5. Nf3 {
Turbo out of Book} O-O 6. e3 h6 {After e3, Turbo back in Book ? Transposition ?
} 7. Bh4 b6 8. cxd5 Nxd5 9. Bxe7 Qxe7 10. Nxd5 exd5 11. Be2 Be6 12. O-O {Sumo
& Turbo out of book} c5 13. Ne5 Nd7 {And here the theory recommends Nd3 or
even f4} 14. Nxd7 Qxd7 15. Re1 Rac8 16. Ba6 Rc7 17. Rc1 Bf5 18. Qb3 Be4 19. f3
Bg6 20. Bb5 Qd6 21. Qa4 Rfc8 22. Ba6 Rd8 23. Qa3 Re8 24. Bb5 Rec8 25. Be2 Bh7
26. Ba6 Re8 27. Qa4 $15 {White Avoids the draw and now is somehow in a less
position.} Re6 28. Bb5 cxd4 $6 {Now black opens the game without a rook on the
8th Rank} 29. Qxd4 Rc5 30. b4 Rxc1 31. Rxc1 Bg6 32. Rc8+ Kh7 33. Bd3 Qd7 34.
Bxg6+ Kxg6 35. Qg4+ Kh7 36. Qf5+ g6 37. Rd8 Qc7 38. Qf4 (38. Qxd5 Qc1+ 39. Qd1
(39. Kf2 Qxe3+ 40. Kg3 Qe1+ 41. Kh3 $15) 39... Qxe3+ 40. Kf1 $15) 38... Qxf4
39. exf4 Re1+ 40. Kf2 Ra1 41. a3 Rxa3 42. Rxd5 Ra2+ 43. Kg3 a5 44. Rd7 Kg7 45.
Ra7 a4 46. f5 gxf5 47. Rb7 Re2 48. Ra7 (48. Rxb6 Rb2 49. b5 f4+ 50. Kh3 a3 $11)
48... b5 49. Ra5 f4+ 50. Kxf4 Rxg2 $15 {Here the first time in the game there
is some sort of an 'unbalanced' position.The Super Mondial gives itself -1.98
after 8 Ply, though any free chessengine does not go beyond -0.5} 51. Rxb5 Rxh2
52. Ra5 $4 {Gives away a clear pawn and likely also the game WHY ???? Schon
nach dem 50. Rxg2 gab er sichselbe - 2.25 aber nicht zurecht!} (52. Kg3 Rb2 53.
Rb8 {& black can't get through on h-file}) 52... Rh4+ 53. Ke5 Rxb4 54. Kf5 h5
55. f4 $19 h4 56. Kg4 h3 57. Kxh3 Rxf4 58. Kg3 Rc4 59. Ra6 f5 60. Kf2 f4 61.
Ke2 Rb4 62. Kf3 Kf7 63. Kg4 {The king has to move to b7 only then can a pawn
be pushed forward.} Ke7 64. Kh4 f3+ $2 65. Kg3 Rf4 66. Kf2 Kd7 67. Rg6 {Black
has the problem that the SuMo will not allow the King to pass the 6th row, so
how will black play for the win ? To me the potential of a draw is imminent.}
Ke8 68. Rg7 Kf8 69. Rd7 Rf7 70. Rd4 Ra7 71. Rd2 $2 {Another odd move from the
SuMo now that the draw was a fact, doesn't seem to like any draw games at all..
..} (71. Kxf3 a3 72. Rd1 Ke7 73. Ke3 Ke6 74. Ke4 $11) 71... a3 $1 72. Ra2 Kf7
$2 {The Saitek can't calculate what an 32 bit engine can, and plays a very
natural, but then again drawish move.} (72... Ke7 73. Kxf3 Kd6 74. Ke2 Kc5 75.
Kd1 Kb4 76. Kc1 Rh7 77. Kb1 Rh1+ 78. Kc2 Rg1 $3 {and black wins, however black
has to play 72... Ke7 for the shortest path to the white rook ! Not that hard
for a human , but 78... Rg1 !!! is a hard to see moveespecially for humans ,
but what a killer !} 79. Kd3 Kb3) 73. Kxf3 {The only way to go for a draw, as
not only it removes a pawn but can make an King opposition when blacks monarch
decides to enter the field.} Ke6 74. Ke3 (74. Kf4 $4 Kd5 75. Ke3 Kc4 76. Kd2
Kb3 77. Ra1 a2 $19) 74... Ke5 75. Kd3 Kd5 76. Kc3 Ra8 77. Kb4 Kd4 78. Rd2+ Ke3
79. Ra2 Kd4 80. Rd2+ Ke3 81. Ra2 Kd4 1/2-1/2

[Event "U1950 Turnier"]
[Site "?"]
[Date "2010.12.22"]
[Round "9"]
[White "Constellation 2 MHz, Novag"]
[Black "Super Mondial B, Mephisto"]
[Result "0-1"]
[WhiteElo "1677"]
[BlackElo "1876"]
[Annotator "Stefan Timmermans"]
[PlyCount "120"]

1. e4 c5 2. Nf3 Nc6 3. Bb5 Nf6 (3... g6 4. O-O Bg7
5. c3 $15) 4. Bxc6 {Playing this move the Conny was out of book, and the SuMo
as well on his move.} (4. e5 Nd5 5. O-O g6 6. c3 Bg7 7. d4 $11) 4... dxc6 5.
Nc3 Bg4 6. h3 Bxf3 7. Qxf3 e6 8. O-O Bd6 9. d3 O-O 10. Bg5 Be5 $11 11. Rad1 Qb6
12. Na4 Qb4 13. b3 Rad8 14. Bd2 Qa3 15. Bc1 $2 Qxa2 16. Nxc5 (16. Qe2 b6 17.
Bf4 $1 Bd4 {The Queen is still trapped , but not lost, would have been
slightly better though...}) 16... b6 $17 17. Nb7 {For this you have to have
good nerves !} Rd7 18. d4 Bxd4 19. e5 (19. c3 Qxb3 20. Rxd4 Rxb7 $17 {is
slightly better than the move the Conny Played}) 19... Bxe5 20. Rxd7 Nxd7 21.
Qxc6 Nc5 22. Nxc5 Qxc2 {Given +1.12 for and by the SuMo} 23. Be3 $1 (23. b4
bxc5 24. bxc5 a5 $17) 23... bxc5 24. Qxc5 Qxc5 25. Bxc5 Rb8 26. Bxa7 Rxb3 27.
Rc1 h5 28. Rc8+ Kh7 29. Kf1 Kg6 30. Ke2 Kf5 31. Rd8 g5 32. Rd7 Rb2+ 33. Kd3 f6
34. Rh7 Kg6 35. Re7 Rb3+ 36. Ke4 Rb4+ 37. Kd3 Kf5 38. Rh7 h4 39. Bc5 Rb1 40.
Rf7 Bf4 (40... Rg1 $2 41. f4 Rxg2 42. fxe5 Kxe5 $11) 41. Be7 Rd1+ 42. Ke2 Rd2+
43. Ke1 Rc2 $2 (43... Rd7 44. Rxf6+ Ke5 45. Rf7) 44. Rxf6+ Ke5 45. Kf1 Rc7 46.
Bd8 Rc8 47. Be7 Rc7 48. Rf7 {The conny refuses threefold repetition of moves,
playing a BAD move.} Ke4 49. Rg7 Be5 50. Rxg5 (50. Rh7 Kd3 $1 $19 {Threatens
Mate !} (50... Bd6 $17 {Another obvious move but not as convincing as Kd3 !}))
50... Rxe7 51. f3+ Kd4 52. Rg4+ Kd5 53. Rxh4 Rc7 54. f4 Bd4 55. g4 $4 (55. Ke2
Rc2+ 56. Kd3 Rc3+ 57. Ke2 $17) 55... Ke4 $1 56. Rh6 (56. f5 Kf3 57. Ke1 Be3 {
And white goes mate}) 56... Kf3 $1 {Threatens mate via Rc1+} 57. Rxe6 Bf2 $1 {
and white has to surrender} 58. Re1 Bxe1 59. Kxe1 Kxf4 60. Kf2 Rc2+ 0-1

[Event "U1950 Turnier"]
[Site "?"]
[Date "2010.12.21"]
[Round "9"]
[White "Timmermans, Stefan"]
[Black "Europa, Mephisto"]
[Result "1-0"]
[WhiteElo "1899"]
[BlackElo "1685"]
[Annotator "Stefan Timmermans"]
[PlyCount "111"]

1. d4 d5 2. c4 Nc6 3. cxd5 (3. Nf3 Bg4 4. Nc3 e6
5. cxd5 exd5 6. Bf4) 3... Qxd5 4. Nf3 (4. e3 e5 5. Nc3 Bb4 6. Bd2 Bxc3 7. Bxc3
exd4 8. Ne2 Nf6 9. Nxd4 $11) 4... Bg4 5. Nc3 Qa5 6. e3 {A passive alternative}
(6. e4 e5 7. dxe5 (7. d5 Nd4 8. Be2 $11) 7... Bb4 8. Bd2 O-O-O $11) (6. d5 $1
O-O-O 7. Bd2 Bxf3 8. gxf3 Ne5 9. e4 $16) 6... e5 7. dxe5 (7. d5 O-O-O 8. Bd2
Nb4 9. a3 Na6 $16) 7... Nxe5 8. Be2 (8. Bb5+ c6 9. Qd5 Qxb5 10. Qxb5 Nxf3+ 11.
gxf3 cxb5 12. fxg4 $11) 8... Bxf3 9. gxf3 {This pawn formation is usually not
bad in the centre, the only drawback is the unsafe King} (9. Bxf3 Rd8 10. Qb3
Nxf3+ 11. gxf3 Bb4) 9... Rd8 10. Qc2 Nf6 11. f4 {An recommendation of my
nearly 6 year old son, I analysed his idea, and he's right it improves my
piece play and limits blacks choices} Nc6 12. Bd2 Bb4 (12... Nb4 13. Qb1 Be7
14. a3 Nbd5 15. Qc2 $14) 13. Bf3 (13. Rg1 O-O 14. O-O-O Bxc3 $4 15. Bxc3 {
Attacks the Queen and Nf6 !}) 13... O-O 14. Rg1 Rfe8 $16 15. Rg5 $2 (15. O-O-O)
15... Nd4 {A real Exploitation of the Kings unsafe position !} 16. Qd1 Nxf3+ {
Not really the best, but quite understandable, not that white is too happy
about it...either} (16... Qa6 17. Bg2 Ne6 18. Re5 Bxc3 19. bxc3 Nd7 20. Rd5 $4
(20. Rf5 g6 21. Rd5 Nxf4 $19) 20... Nxf4 $19) 17. Qxf3 Qb6 $15 18. O-O-O Ne4 $6
{The combination is Ok, but somehow it arranges white affairs} (18... Qa6 19.
Rdg1 g6 $17) 19. Nxe4 Qc6+ 20. Kb1 Qxe4+ 21. Qxe4 Rxe4 22. Kc2 {The position
is flat} f6 (22... Bxd2 23. Rxd2 (23. Rc5 Re7 24. Rxd2 Red7 25. Rxd7 Rxd7 26.
e4 $11) 23... Rxd2+ 24. Kxd2 $11) 23. Rb5 {I was in no doubt that this was the
best move, as it simplifies the game even further to a single rook ending, a
territory 8 bitters are not particulary strong...} Bxd2 (23... Rc4+ 24. Kb3 Rc6
25. Kxb4 Rc2 26. Kb3 Rdxd2 27. Rxd2 Rxd2 28. Rxb7 $14) 24. Rxd2 Rxd2+ 25. Kxd2
b6 26. Rd5 Kf7 27. f3 Re8 28. b4 {With the idea to play b5 and hold 3 pawns
with just 1 !} Ke6 29. e4 c6 30. Rd3 a6 (30... c5 $6 31. bxc5 bxc5 32. Ra3 $14)
31. f5+ Ke7 32. f4 c5 {I don't like such moves in general, though My PC chess
engine does not dislike it. First of all, it splits whites pawn formation,
making an extra island.} (32... g6 {Good enough to keep the game under control,
The Europa many times assessed it, but always skipped it in the end.} 33. fxg6
hxg6 34. Ra3 Ra8 35. h4 $11) 33. bxc5 bxc5 34. Kc3 {Going for the all to
obvious, but doing so , I missed a better move Rd5 !} (34. Rd5 $1 Rc8 35. Kc3
g6 36. Kc4 gxf5 37. Rxf5 $14) 34... Kf8 {A strange move, but even my PC engine
plays it.} 35. Re3 Ke7 36. Kc4 $2 (36. e5 Rd8 37. Rd3 Rb8 $14) 36... Kd6 {At
this stage the e5 and all exchanges would lead to both players promoting for
Queen, only Black has still the h7 pawn. This convinced me that a4 is the move
to play, to gain a tempo !} 37. a4 g6 {This move, played or not, does not
count in the King+pawn vs King+pawn race, as g6 is not faster to g4 then g7-g5
(2 steps) tog4} (37... g5 38. fxg5 (38. e5+ $2 fxe5 39. fxe5+ Rxe5 40. Rxe5
Kxe5 41. Kxc5 g4 42. f6 Kxf6 43. a5 h5 44. Kb6 h4 45. Kxa6 g3 46. hxg3 hxg3 $19
{And black is first}) 38... fxg5 39. Re2 $14) 38. e5+ $1 $16 fxe5 (38... Kd7
39. Rh3 fxe5 40. Rxh7+ Kc6 41. fxg6 exf4 42. Rf7 $18) 39. fxg6 hxg6 $16 (39...
e4 40. gxh7 Rh8 41. Rh3 $18) 40. fxe5+ Kc6 (40... Rxe5 $4 $18 41. Rxe5 Kxe5 42.
Kxc5 g5 43. Kb6 Kf4 44. Kxa6 Kf3 45. a5 Kg2 46. Kb6 Kxh2 47. a6 g4 48. a7 g3
49. a8=Q $18) 41. e6 Re7 42. Re5 {Doesn't bring Joy} (42. a5 g5 43. h3 Kd6 44.
Rd3+ Kxe6 45. Re3+ Kd6 46. Rxe7 Kxe7 47. Kxc5 $18) 42... Kd6 43. Re4 g5 {Thism
oves brings the pawn closer to promotion whenever it comes to an Xchange on e6.
} 44. a5 {This brings the white pawn one square closer to promotion....} (44.
Re3 Rxe6 45. Rxe6+ Kxe6 46. Kxc5 Kf5 47. Kb6 Kg4 48. Kxa6 Kh3 49. a5 Kxh2 50.
Kb7 g4 51. a6 g3 52. a7 g2 53. a8=Q g1=Q) 44... Re8 $4 (44... g4 {This pawn
gets in the way of the King to find its shortest path to capturing the h2 pawn.
..} 45. Re3 Rxe6 $4 46. Rxe6+ Kxe6 47. Kxc5 Kf5 48. Kb6 Kf4 49. Kxa6 Kf3 50.
Kb7 Kg2 51. a6 Kxh2 52. a7 g3 53. a8=Q g2 54. Qh8+ Kg3 55. Qe5+ $18) 45. e7
Rxe7 46. Rxe7 Kxe7 47. Kxc5 Ke6 48. Kb6 Kd5 49. Kxa6 Kc6 50. h3 $1 Kc7 51. Kb5
Kb7 52. Kc5 Ka7 (52... Ka6 53. Kd5 Kxa5 54. Ke5 Kb5 55. Kf5 Kc5 56. Kxg5 Kd6
57. Kf6 $18) 53. Kd5 Ka6 54. Ke5 Kxa5 55. Kf5 Kb4 56. Kxg5 1-0